000 00688nam a2200253Ia 4500
003 OSt
005 20220912151458.0
006 a|||||r|||| 00| 0
007 ta
008 220909b |||||||| |||| 00| 0 eng d
024 _a64849
037 _cTextual
040 _aCSL
_beng
_cCSL
041 _aeng
082 _aB27M09, 113K7
100 _aTits Jacques
245 0 _aTabellen zu den einfachen lie gruppen und ihren darstellungen
260 _aBerlin
_bSpringer-Verlag
_c1967
300 _a53p.
_ccm.
490 _aLecture Notes in Mathematics
650 _aLie groups
942 _hB27M09, 113K7
_cTEXL
_2CC
999 _c69479
_d69479